00522nmm a2200169Ia 4500008004100000020001800041041000800059100002800067245005100095264004200146300001800188490003900206650003200245856005100277942000700328999001700335251105s9999||||xx |||||||||||||||||und|| a9788416396245 aspa aMiguens, José Enrique 0aModernismo y satanismo en la política actual a[Madrid, España] :bSiruela, c2015 a310 páginas aBiblioteca de Ensayo / Serie mayor aPolitical Science (General) uhttps://public.digitaliapublishing.com/a/44758 cCF c77683d77683